| 000 | 00527nam a2200229Ia 4500 | ||
|---|---|---|---|
| 008 | 210210b1941 xxu||||| |||| 00| 0 eng d | ||
| 041 | _aeng | ||
| 082 | _a535/169 | ||
| 100 | _aWITTS (Alfred T) | ||
| 245 | _aRadio upkeep and repairs for amateurs Ed 5 | ||
| 260 |
_aLondon _bSir Isaac Pitman & Sons Ltd., _c1941 |
||
| 300 | _a217 | ||
| 650 | _aupkeep | ||
| 650 | _arepairs | ||
| 650 | _aRadio | ||
| 650 | _afor | ||
| 650 | _aEd | ||
| 650 | _aamateurs | ||
| 650 | _a5 | ||
| 690 | _aElectronics | ||
| 906 | _a008787 | ||
| 999 |
_c126600 _d126600 |
||